000
00210nam a2200085Ia 4500
008
220204s9999 xx 000 0 und d
082
_a
058
_b
BRI
245
0
_a
Britannica book of the year 1977 and 1989
942
_c
BK
999
_c
39956
_d
39956